01222nam a22002894a 4500001001100000003000800011006001900019007001500038008004100053010001700094020002800111040002100139035002000160050002600180082001500206100002100221245012300242260004700365300001700412504006600429533015200495650005300647650006100700655002900761710001700790856012500807ebr5003986CaPaEBRm u cr cn|||||||||991208s2000 ctu sb 001 0 eng  z 99089268  z0897897056 (alk. paper) aCaPaEBRcCaPaEBR a(OCoLC)7072960414aLB2154.A3bC36 2000eb04a370.192211 aCampoy, Renee W.12aA professional development school partnershiph[electronic resource] :bconflict and collaboration /cRenee W. Campoy. aWestport, Conn. :bBergin & Garvey,c2000. aviii, 149 p. aIncludes bibliographical references (p. [141]-146) and index. aElectronic reproduction.bPalo Alto, Calif. :cebrary,d2013.nAvailable via World Wide Web.nAccess may be limited to ebrary affiliated libraries. 0aLaboratory schoolszUnited StatesvCase studies. 0aCollege-school cooperationzUnited StatesvCase studies. 7aElectronic books.2local2 aebrary, Inc.40uhttp://site.ebrary.com/lib/rucke/Doc?id=5003986zAn electronic book accessible through the World Wide Web; click to view